000 00420nam a2200145Ia 4500
008 100204s9999 xx 000 0 und d
082 _b125
100 _aकोकाटे महादेव
245 _aअगतिक
260 _b"डिंंंंप्ंाल पब्लिकेशन, वसई"
_c1979
300 _a118
630 _aअगतिक
730 _aअगतिक
942 _cBOOK
999 _c445322
_d445319